000 00882nam0a22002531 4500
001 v19\rc\1244927
005 20260407022011.0
035 _a(NLR Aleph) 004402224
090 _a3894081
_c3894081
100 _a20060306d1887 |||y0rusy50 ca
101 0 _arus
_afre
102 _aRU
105 _ay z |||||
200 1 _aКраткая программа цели и действия Русского института
210 _a[Санкт-Петербург
_d1887]
215 _a[4] с.
300 _aТекст на рус. и франц. яз.
316 _aЭкз. РНБ (18.222.1.110): деф.: нет 1-го и послед. л.
_5NLR: 18.222.1.110
710 0 2 _aРусский институт
_cПариж
_3RU\NLR\AUTH\8810007051
_9511640
801 0 _aRU
_bNLR
_gpsbo
801 1 _aRU
_bProSoft-M
_2rusmarc
852 _aNLR
_j18.222.1.110
942 _cBOOK
980 _aNB